[Event "DSJ Weihnachtsturnier U20 2020"]
[Site "https://play.chessbase.com/en/play?room=DSJWeihnachtU20"]
[Date "2020.12.29"]
[Round "4"]
[White "Biedenbach, Daniel"]
[Black "Stirnberg, Noah"]
[Result "0-1"]
[Termination "time forfeit"]
[Board "12.4"]
[WhiteElo "1610"]
[BlackElo "1869"]
[WhiteTeam "VfL Leipheim 1898"]
[BlackTeam "SK Blauer Springer Paderborn 1926"]
[PlyCount "58"]
[WhiteFideId "16281489"]
[BlackFideId "16207742"]
[EventRounds "7"]
[EventType "team-swiss"]
[EventDate "2020.12.29"]

1. e4 {[%emt 0:00:11]} e5 {[%emt 0:00:13]} 2. Nf3 {[%emt 0:00:05]} Nc6 { [%emt
0:00:05]} 3. Nc3 {[%emt 0:00:12]} Nf6 {[%emt 0:00:07]} 4. d4 {[%emt 0:00:03]}
exd4 {[%emt 0:00:09]} 5. Nxd4 {[%emt 0:00:09]} d6 {[%emt 0:00:10]} 6. Bc4
{[%emt 0:00:19]} Be7 {[%emt 0:00:07]} 7. O-O {[%emt 0:00:13]} O-O {[%emt
0:00:09]} 8. Be3 {[%emt 0:00:44]} Ng4 {[%emt 0:00:21]} 9. Qd2 {[%emt 0:00:30]}
Nxe3 {[%emt 0:00:06]} 10. Qxe3 {[%emt 0:00:06]} Bf6 {[%emt 0:00:04]} 11. Nxc6 {
[%emt 0:00:21]} bxc6 {[%emt 0:00:03]} 12. Rad1 {[%emt 0:00:05]} Re8 {[%emt
0:00:17]} 13. Qf3 {[%emt 0:00:43]} Be6 {[%emt 0:00:09]} 14. Bxe6 {[%emt
0:00:48]} Rxe6 {[%emt 0:00:03]} 15. Rfe1 {[%emt 0:00:15]} Qe7 {[%emt 0:00:11]}
16. e5 { [%emt 0:01:26]} Bxe5 {[%emt 0:01:47]} 17. Qxc6 {[%emt 0:00:11]} Re8
{[%emt 0:02:19]} 18. Nd5 {[%emt 0:01:07]} Bxh2+ {[%emt 0:00:06]} 19. Kh1 {[%emt
0:01:09] } Rxe1+ {[%emt 0:00:09]} 20. Rxe1 {[%emt 0:00:08]} Qxe1+ {[%emt
0:00:03]} 21. Kxh2 {[%emt 0:00:01]} Qe5+ {[%emt 0:00:09]} 22. g3 {[%emt
0:00:07]} h6 { [%emt 0:01:03]} 23. Ne3 {[%emt 0:00:55]} Qe4 {[%emt 0:01:15]}
24. Qxc7 { [%emt 0:00:37]} Re5 {[%emt 0:00:06]} 25. Qc8+ {[%emt 0:00:21]} Kh7
{[%emt 0:00:04]} 26. Qh3 {[%emt 0:00:01]} f5 {[%emt 0:00:16]} 27. Kg1 {[%emt
0:00:06]} f4 { [%emt 0:00:09]} 28. gxf4 {[%emt 0:00:04]} Qxf4 {[%emt 0:00:05]}
29. Kf1 { [%emt 0:00:02]} Rg5 {[%emt 0:00:15] TimeW} 0-1

[Event "DSJ Weihnachtsturnier U20 2020"]
[Site "https://play.chessbase.com/en/play?room=DSJWeihnachtU20"]
[Date "2020.12.29"]
[Round "4"]
[White "Kamp, Aaron"]
[Black "Bosselmann, Tom Linus"]
[Result "0-1"]
[Termination "normal"]
[Board "13.1"]
[WhiteElo "1771"]
[BlackElo "2060"]
[WhiteTeam "Schachklub Münster 32 2"]
[BlackTeam "Lübecker SV von 1873 2"]
[PlyCount "66"]
[WhiteFideId "16231120"]
[BlackFideId "12983845"]
[EventRounds "7"]
[EventType "team-swiss"]
[EventDate "2020.12.29"]

1. e4 {[%emt 0:00:03]} c5 {[%emt 0:00:13]} 2. d4 {[%emt 0:00:02]} cxd4 { [%emt
0:00:00]} 3. c3 {[%emt 0:00:02]} dxc3 {[%emt 0:00:00]} 4. Nxc3 {[%emt 0:00:01]}
e6 {[%emt 0:00:01]} 5. Bc4 {[%emt 0:00:02]} a6 {[%emt 0:00:01]} 6. Nf3 {[%emt
0:00:02]} b5 {[%emt 0:00:01]} 7. Bb3 {[%emt 0:00:02]} Bb7 {[%emt 0:00:08]} 8.
O-O {[%emt 0:00:04]} d6 {[%emt 0:00:12]} 9. Qe2 {[%emt 0:00:06]} Nd7 { [%emt
0:00:03]} 10. Rd1 {[%emt 0:00:08]} Ngf6 {[%emt 0:00:06]} 11. Bf4 { [%emt
0:00:05]} Qb8 {[%emt 0:00:03]} 12. Rac1 {[%emt 0:00:15]} Ne5 {[%emt 0:00:02]}
13. Nxe5 {[%emt 0:00:07]} dxe5 {[%emt 0:00:00]} 14. Bg3 {[%emt 0:00:19]} Be7
{[%emt 0:00:10]} 15. a4 {[%emt 0:00:16]} b4 {[%emt 0:00:03]} 16. Na2 { [%emt
0:00:12]} O-O {[%emt 0:00:03]} 17. Rc4 {[%emt 0:00:20]} a5 {[%emt 0:00:08]} 18.
f3 {[%emt 0:01:18]} Ba6 {[%emt 0:00:11]} 19. Qe3 {[%emt 0:00:23]} Bxc4 {[%emt
0:00:03]} 20. Bxc4 {[%emt 0:00:05]} Qc7 {[%emt 0:00:01]} 21. Qe2 { [%emt
0:00:21]} Nh5 {[%emt 0:00:05]} 22. Bf2 {[%emt 0:00:09]} Nf4 {[%emt 0:00:02]}
23. Qc2 {[%emt 0:00:12]} Rac8 {[%emt 0:00:06]} 24. b3 {[%emt 0:00:03]} Bc5
{[%emt 0:00:03]} 25. Nc1 {[%emt 0:00:14]} Bxf2+ {[%emt 0:00:03]} 26. Qxf2 {
[%emt 0:00:02]} Rfd8 {[%emt 0:00:03]} 27. Nd3 {[%emt 0:01:16]} Qd7 {[%emt
0:00:41]} 28. Nb2 {[%emt 0:00:47]} Qxd1+ {[%emt 0:00:04]} 29. Nxd1 {[%emt
0:00:03]} Rxd1+ {[%emt 0:00:00]} 30. Bf1 {[%emt 0:00:04]} Rcc1 {[%emt 0:00:02]}
31. g3 { [%emt 0:00:22]} Nh3+ {[%emt 0:00:04]} 32. Kg2 {[%emt 0:00:03]} Nxf2
{[%emt 0:00:00]} 33. Kxf2 {[%emt 0:00:01]} Rxf1+ {[%emt 0:00:01]} 0-1

[Event "DSJ Weihnachtsturnier U20 2020"]
[Site "https://play.chessbase.com/en/play?room=DSJWeihnachtU20"]
[Date "2020.12.29"]
[Round "4"]
[White "Bornholdt, Joa Max"]
[Black "Weidemann, Jakob"]
[Result "1-0"]
[Termination "normal"]
[Board "13.2"]
[WhiteElo "1998"]
[BlackElo "1570"]
[WhiteTeam "Lübecker SV von 1873 2"]
[BlackTeam "Schachklub Münster 32 2"]
[PlyCount "207"]
[WhiteFideId "16253477"]
[BlackFideId "16255470"]
[EventRounds "7"]
[EventType "team-swiss"]
[EventDate "2020.12.29"]

1. d4 {[%emt 0:00:28]} Nf6 {[%emt 0:00:04]} 2. c4 {[%emt 0:00:03]} e5 {[%emt
0:00:02]} 3. dxe5 {[%emt 0:00:00]} Ng4 {[%emt 0:00:02]} 4. Nf3 {[%emt 0:00:01]}
Bc5 {[%emt 0:00:14]} 5. e3 {[%emt 0:00:02]} Nc6 {[%emt 0:00:05]} 6. Be2 { [%emt
0:00:11]} Ngxe5 {[%emt 0:00:08]} 7. Nxe5 {[%emt 0:00:00]} Nxe5 {[%emt 0:00:00]}
8. O-O {[%emt 0:00:01]} O-O {[%emt 0:00:10]} 9. Nc3 {[%emt 0:00:08]} d6 {[%emt
0:00:12]} 10. Kh1 {[%emt 0:00:03]} Re8 {[%emt 0:00:07]} 11. f4 {[%emt 0:00:16]}
Nc6 {[%emt 0:00:24]} 12. Nd5 {[%emt 0:00:18]} Ne7 {[%emt 0:00:09]} 13. Qd3
{[%emt 0:01:47]} Nxd5 {[%emt 0:00:18]} 14. cxd5 {[%emt 0:00:03]} Qe7 { [%emt
0:00:16]} 15. Bf3 {[%emt 0:00:24]} f5 {[%emt 0:00:35]} 16. Bd2 {[%emt 0:00:21]}
a6 {[%emt 0:00:19]} 17. Rae1 {[%emt 0:00:07]} Bd7 {[%emt 0:00:15]} 18. Rf2
{[%emt 0:00:39]} Qf7 {[%emt 0:00:04]} 19. Bc3 {[%emt 0:00:29]} Bb5 { [%emt
0:00:10]} 20. Qd2 {[%emt 0:00:04]} Re7 {[%emt 0:00:07]} 21. b3 {[%emt 0:00:53]}
Rae8 {[%emt 0:00:11]} 22. a4 {[%emt 0:00:02]} Rxe3 {[%emt 0:01:38]} 23. Rc1
{[%emt 0:01:39]} Bd7 {[%emt 0:00:35]} 24. Bd4 {[%emt 0:00:03]} Bxd4 { [%emt
0:00:08]} 25. Qxd4 {[%emt 0:00:00]} Rxb3 {[%emt 0:00:11]} 26. h3 { [%emt
0:00:06]} Rc8 {[%emt 0:00:31]} 27. Re2 {[%emt 0:00:15]} Kf8 {[%emt 0:00:08]}
28. Qc4 {[%emt 0:00:37]} Ra3 {[%emt 0:00:14]} 29. Qb4 {[%emt 0:00:03]} Rxa4
{[%emt 0:00:29]} 30. Qxb7 {[%emt 0:00:01]} Rxf4 {[%emt 0:00:27]} 31. Rxc7
{[%emt 0:00:07]} Rd8 {[%emt 0:00:07]} 32. Qxa6 {[%emt 0:00:09]} Qf6 {[%emt
0:00:13]} 33. Qa7 {[%emt 0:00:21]} Qf7 {[%emt 0:00:08]} 34. Re6 {[%emt
0:00:19]} Rxf3 {[%emt 0:00:35]} 35. gxf3 {[%emt 0:00:12]} Qh5 {[%emt 0:00:02]}
36. Kg2 { [%emt 0:00:32]} Bxe6 {[%emt 0:00:04]} 37. dxe6 {[%emt 0:00:02]} Qg6+
{[%emt 0:00:06]} 38. Kf2 {[%emt 0:00:08]} Qxe6 {[%emt 0:00:04]} 39. Rxg7 {[%emt
0:00:03] } Rc8 {[%emt 0:00:11]} 40. Rg2 {[%emt 0:00:12]} Rc2+ {[%emt 0:00:04]}
41. Kg1 { [%emt 0:00:00]} Qe1+ {[%emt 0:00:33]} 42. Kh2 {[%emt 0:00:01]} Qe5+
{[%emt 0:00:01]} 43. Kh1 {[%emt 0:00:04]} Rc1+ {[%emt 0:00:05]} 44. Rg1 {[%emt
0:00:01]} Rxg1+ {[%emt 0:00:09]} 45. Qxg1 {[%emt 0:00:00]} Kf7 {[%emt 0:00:06]}
46. Qf1 { [%emt 0:00:05]} Qg3 {[%emt 0:00:08]} 47. Qc4+ {[%emt 0:00:03]} Kg7
{[%emt 0:00:08]} 48. Qd4+ {[%emt 0:00:02]} Kg6 {[%emt 0:00:12]} 49. Qd3 {[%emt
0:00:02]} Qxh3+ {[%emt 0:00:03]} 50. Kg1 {[%emt 0:00:00]} Qg3+ {[%emt 0:00:07]}
51. Kf1 { [%emt 0:00:01]} Qe5 {[%emt 0:00:02]} 52. Qb3 {[%emt 0:00:05]} d5
{[%emt 0:00:05]} 53. Qb6+ {[%emt 0:00:02]} Qf6 {[%emt 0:00:03]} 54. Qg1+ {[%emt
0:00:02]} Kf7 {[%emt 0:00:06]} 55. Qa7+ {[%emt 0:00:01]} Qe7 {[%emt 0:00:02]}
56. Qd4 { [%emt 0:00:01]} Qe6 {[%emt 0:00:02]} 57. Qh8 {[%emt 0:00:03]} Qa6+
{[%emt 0:00:12]} 58. Kf2 {[%emt 0:00:02]} Qa2+ {[%emt 0:00:01]} 59. Kg3 {[%emt
0:00:00]} Qb3 {[%emt 0:00:01]} 60. Qxh7+ {[%emt 0:00:02]} Ke6 {[%emt 0:00:00]}
61. Qg6+ { [%emt 0:00:02]} Ke7 {[%emt 0:00:03]} 62. Qxf5 {[%emt 0:00:04]} Qb5
{[%emt 0:00:01]} 63. Qe5+ {[%emt 0:00:02]} Kd7 {[%emt 0:00:02]} 64. Qg7+ {[%emt
0:00:01] Muenst2-002 offers a draw} Kd6 {[%emt 0:00:03]} 65. Qf8+ {[%emt
0:00:02]} Ke5 { [%emt 0:00:02]} 66. f4+ {[%emt 0:00:03]} Kd4 {[%emt 0:00:02]}
67. Qf6+ { [%emt 0:00:01]} Kd3 {[%emt 0:00:01]} 68. Kg4 {[%emt 0:00:03]} Qc4
{[%emt 0:00:02]} 69. Qe7 {[%emt 0:00:06]} Qe4 {[%emt 0:00:03]} 70. Qa3+ {[%emt
0:00:02]} Kd2 {[%emt 0:00:02]} 71. Qb2+ {[%emt 0:00:02]} Qc2 {[%emt 0:00:02]}
72. Qb4+ { [%emt 0:00:02]} Qc3 {[%emt 0:00:03]} 73. Qe7 {[%emt 0:00:04]} d4
{[%emt 0:00:03]} 74. f5 {[%emt 0:00:02]} Qe3 {[%emt 0:00:03]} 75. f6 {[%emt
0:00:01]} Qg1+ {[%emt 0:00:04]} 76. Kf5 {[%emt 0:00:01]} Qf2+ {[%emt 0:00:01]}
77. Kg6 { [%emt 0:00:01]} Qg3+ {[%emt 0:00:02]} 78. Kh7 {[%emt 0:00:02]} d3
{[%emt 0:00:01]} 79. Qb4+ {[%emt 0:00:03]} Ke2 {[%emt 0:00:02]} 80. Qe4+ {[%emt
0:00:02]} Qe3 {[%emt 0:00:03]} 81. Qg2+ {[%emt 0:00:01]} Qf2 {[%emt 0:00:01]}
82. Qxf2+ { [%emt 0:00:01]} Kxf2 {[%emt 0:00:01]} 83. f7 {[%emt 0:00:00]} d2
{[%emt 0:00:01]} 84. f8=Q+ {[%emt 0:00:00]} Ke1 {[%emt 0:00:02]} 85. Qe7+
{[%emt 0:00:01]} Kd1 {[%emt 0:00:01]} 86. Kg6 {[%emt 0:00:02]} Kc1 {[%emt
0:00:00]} 87. Qc5+ { [%emt 0:00:01]} Kb2 {[%emt 0:00:01]} 88. Qd4+ {[%emt
0:00:02]} Kc2 {[%emt 0:00:01]} 89. Qc4+ {[%emt 0:00:02]} Kb2 {[%emt 0:00:01]}
90. Qd3 {[%emt 0:00:02]} Kc1 {[%emt 0:00:01]} 91. Qc3+ {[%emt 0:00:01]} Kd1
{[%emt 0:00:01]} 92. Kf5 { [%emt 0:00:00]} Ke2 {[%emt 0:00:00]} 93. Qc2 {[%emt
0:00:03]} Ke1 {[%emt 0:00:01]} 94. Qe4+ {[%emt 0:00:01]} Kf2 {[%emt 0:00:01]}
95. Qd3 {[%emt 0:00:02]} Ke1 {[%emt 0:00:01]} 96. Qe3+ {[%emt 0:00:02]} Kd1
{[%emt 0:00:02]} 97. Ke4 { [%emt 0:00:01]} Kc2 {[%emt 0:00:02]} 98. Qe2 {[%emt
0:00:02]} Kc1 {[%emt 0:00:01]} 99. Qc4+ {[%emt 0:00:10]} Kb2 {[%emt 0:00:01]}
100. Qd3 {[%emt 0:00:01]} Kc1 {[%emt 0:00:02]} 101. Qc3+ {[%emt 0:00:01]} Kd1
{[%emt 0:00:02]} 102. Ke3 { [%emt 0:00:02]} Ke1 {[%emt 0:00:01]} 103. Qxd2+
{[%emt 0:00:00]} Kf1 {[%emt 0:00:01]} 104. Qf2# {[%emt 0:00:01]} 1-0

[Event "DSJ Weihnachtsturnier U20 2020"]
[Site "https://play.chessbase.com/en/play?room=DSJWeihnachtU20"]
[Date "2020.12.29"]
[Round "4"]
[White "Kvantaliani, Saba"]
[Black "Sommer, Justus"]
[Result "1-0"]
[Termination "time forfeit"]
[Board "13.3"]
[WhiteElo "1535"]
[BlackElo "1744"]
[WhiteTeam "Schachklub Münster 32 2"]
[BlackTeam "Lübecker SV von 1873 2"]
[PlyCount "115"]
[WhiteFideId "16284364"]
[BlackFideId "16245008"]
[EventRounds "7"]
[EventType "team-swiss"]
[EventDate "2020.12.29"]

1. e4 {[%emt 0:00:05]} e5 {[%emt 0:00:04]} 2. Nf3 {[%emt 0:00:02]} Nc6 { [%emt
0:00:02]} 3. Bb5 {[%emt 0:00:02]} a6 {[%emt 0:00:01]} 4. Bxc6 {[%emt 0:00:01]}
dxc6 {[%emt 0:00:02]} 5. d3 {[%emt 0:00:02]} Bd6 {[%emt 0:00:08]} 6. h3 {[%emt
0:00:02]} h6 {[%emt 0:00:05]} 7. Nc3 {[%emt 0:00:06]} Nf6 {[%emt 0:00:01]} 8.
Be3 {[%emt 0:00:02]} Be6 {[%emt 0:00:12]} 9. O-O {[%emt 0:00:02]} c5 { [%emt
0:00:13]} 10. Ne2 {[%emt 0:00:12]} g5 {[%emt 0:00:18]} 11. b4 {[%emt 0:00:41]}
cxb4 {[%emt 0:00:38]} 12. d4 {[%emt 0:00:17]} exd4 {[%emt 0:00:17]} 13. Nexd4
{[%emt 0:00:02]} Nxe4 {[%emt 0:00:21]} 14. Nxe6 {[%emt 0:00:03]} fxe6 { [%emt
0:00:03]} 15. Qd4 {[%emt 0:00:12]} Nf6 {[%emt 0:00:14]} 16. Rfe1 { [%emt
0:01:02]} Qe7 {[%emt 0:00:20]} 17. Qc4 {[%emt 0:02:39]} O-O-O {[%emt 0:01:00]}
18. Bd4 {[%emt 0:00:12]} Rhe8 {[%emt 0:00:19]} 19. c3 {[%emt 0:01:16]} g4
{[%emt 0:01:00]} 20. hxg4 {[%emt 0:00:24]} Nxg4 {[%emt 0:00:12]} 21. cxb4 {
[%emt 0:00:10]} e5 {[%emt 0:00:38]} 22. Bc5 {[%emt 0:00:40]} h5 {[%emt 0:00:42]
} 23. Rab1 {[%emt 0:01:11]} Nf6 {[%emt 0:01:13]} 24. a4 {[%emt 0:00:48]} e4 {
[%emt 0:00:50]} 25. Nd4 {[%emt 0:00:05]} Qe5 {[%emt 0:00:18]} 26. Red1 { [%emt
0:00:23]} Qh2+ {[%emt 0:00:31]} 27. Kf1 {[%emt 0:00:02]} Qh1+ {[%emt 0:00:01]}
28. Ke2 {[%emt 0:00:01]} Qxg2 {[%emt 0:00:01]} 29. Nf5 {[%emt 0:00:03]} Qg4+
{[%emt 0:00:04]} 30. Kf1 {[%emt 0:00:04]} Bxc5 {[%emt 0:00:29]} 31. Rxd8+
{[%emt 0:00:01]} Rxd8 {[%emt 0:00:02]} 32. Qxc5 {[%emt 0:00:01]} Rd1+ {[%emt
0:00:07]} 33. Rxd1 {[%emt 0:00:02]} Qxd1+ {[%emt 0:00:01]} 34. Kg2 {[%emt
0:00:01]} Qf3+ {[%emt 0:00:04]} 35. Kf1 {[%emt 0:00:01]} Qd1+ {[%emt 0:00:20]}
36. Kg2 {[%emt 0:00:02]} Qg4+ {[%emt 0:00:07]} 37. Kf1 {[%emt 0:00:01]} Qg7 {
[%emt 0:00:04]} 38. Qa7 {[%emt 0:00:06]} Qg6 {[%emt 0:00:04]} 39. Ne7+ { [%emt
0:00:03]} Kd7 {[%emt 0:00:02]} 40. Nxg6 {[%emt 0:00:01]} Ng4 {[%emt 0:00:03]}
41. Qxb7 {[%emt 0:00:02]} Ke6 {[%emt 0:00:02]} 42. Qxe4+ {[%emt 0:00:02]} Kf6
{[%emt 0:00:01]} 43. Nf4 {[%emt 0:00:01]} Nh2+ {[%emt 0:00:00]} 44. Kg2 { [%emt
0:00:02]} Ng4 {[%emt 0:00:00]} 45. Qe6+ {[%emt 0:00:01]} Kg5 {[%emt 0:00:01]}
46. Kg3 {[%emt 0:00:02]} h4+ {[%emt 0:00:02]} 47. Kf3 {[%emt 0:00:01]} Nh2+
{[%emt 0:00:02]} 48. Ke3 {[%emt 0:00:01]} Nf1+ {[%emt 0:00:02]} 49. Ke4 { [%emt
0:00:03]} Nd2+ {[%emt 0:00:01]} 50. Kd3 {[%emt 0:00:01]} Kxf4 {[%emt 0:00:02]}
51. Kxd2 {[%emt 0:00:01]} Kf3 {[%emt 0:00:01]} 52. Qh3+ {[%emt 0:00:02] } Kxf2
{[%emt 0:00:01]} 53. Qxh4+ {[%emt 0:00:01]} Kf3 {[%emt 0:00:00]} 54. Qc4 {[%emt
0:00:01]} Kg3 {[%emt 0:00:01]} 55. Qxc7+ {[%emt 0:00:01]} Kf3 {[%emt 0:00:01]}
56. Qc6+ {[%emt 0:00:01]} Kg3 {[%emt 0:00:01]} 57. Qxa6 {[%emt 0:00:01] } Kf4
{[%emt 0:00:01]} 58. b5 {[%emt 0:00:01] TimeB} 1-0

[Event "DSJ Weihnachtsturnier U20 2020"]
[Site "https://play.chessbase.com/en/play?room=DSJWeihnachtU20"]
[Date "2020.12.29"]
[Round "4"]
[White "Kloerss, Knut"]
[Black "John, Niklas"]
[Result "1-0"]
[Termination "time forfeit"]
[Board "13.4"]
[WhiteElo "1726"]
[BlackElo "1521"]
[WhiteTeam "Lübecker SV von 1873 2"]
[BlackTeam "Schachklub Münster 32 2"]
[PlyCount "87"]
[WhiteFideId "16222130"]
[BlackFideId "16234626"]
[EventRounds "7"]
[EventType "team-swiss"]
[EventDate "2020.12.29"]

1. e4 {[%emt 0:00:06]} c5 {[%emt 0:00:02]} 2. g3 {[%emt 0:00:02]} Nc6 {[%emt
0:00:03]} 3. Bg2 {[%emt 0:00:02]} g6 {[%emt 0:00:01]} 4. f4 {[%emt 0:00:01]}
Bg7 {[%emt 0:00:04]} 5. d3 {[%emt 0:00:02]} e6 {[%emt 0:00:42]} 6. Nf3 {[%emt
0:00:03]} Nge7 {[%emt 0:00:03]} 7. c3 {[%emt 0:00:01]} O-O {[%emt 0:00:02]} 8.
O-O { [%emt 0:00:02]} d5 {[%emt 0:00:04]} 9. Na3 {[%emt 0:00:28]} a6 {[%emt
0:00:18]} 10. Nc2 {[%emt 0:00:04]} b5 {[%emt 0:00:13]} 11. h4 {[%emt 0:00:18]}
Bb7 { [%emt 0:00:35]} 12. Qe2 {[%emt 0:00:41]} c4 {[%emt 0:00:24]} 13. e5
{[%emt 0:00:12]} Nf5 {[%emt 0:00:56]} 14. Kh2 {[%emt 0:00:28]} d4 {[%emt
0:00:45]} 15. Nfxd4 {[%emt 0:01:20]} Ncxd4 {[%emt 0:00:24]} 16. Nxd4 {[%emt
0:00:02]} Bxg2 { [%emt 0:00:19]} 17. Kxg2 {[%emt 0:00:03]} Nxd4 {[%emt
0:00:11]} 18. cxd4 { [%emt 0:00:02]} Qxd4 {[%emt 0:00:04]} 19. dxc4 {[%emt
0:00:01]} bxc4 {[%emt 0:00:16]} 20. Be3 {[%emt 0:00:02]} Qd3 {[%emt 0:00:29]}
21. Qxd3 {[%emt 0:00:20]} cxd3 {[%emt 0:00:02]} 22. Bc5 {[%emt 0:00:01]} Rfd8
{[%emt 0:00:05]} 23. Rfd1 { [%emt 0:00:02]} Rd5 {[%emt 0:00:03]} 24. Bd6 {[%emt
0:00:04]} Bf8 {[%emt 0:00:11]} 25. Bxf8 {[%emt 0:00:03]} Kxf8 {[%emt 0:00:01]}
26. Rd2 {[%emt 0:00:03]} Rc8 {[%emt 0:00:44]} 27. Rad1 {[%emt 0:00:04]} Rc2
{[%emt 0:00:18]} 28. Kf3 { [%emt 0:00:01]} Rxd2 {[%emt 0:00:37]} 29. Rxd2
{[%emt 0:00:00]} Ke7 {[%emt 0:01:35]} 30. Ke3 {[%emt 0:00:03]} Kd7 {[%emt
0:00:10]} 31. Rxd3 {[%emt 0:00:02]} Rxd3+ {[%emt 0:00:16]} 32. Kxd3 {[%emt
0:00:00]} Kc6 {[%emt 0:00:02]} 33. Kc4 { [%emt 0:00:01]} Kb6 {[%emt 0:00:21]}
34. a4 {[%emt 0:00:20]} a5 {[%emt 0:00:31] } 35. b4 {[%emt 0:00:03]} Ka6 {[%emt
0:00:12]} 36. b5+ {[%emt 0:00:02]} Kb6 { [%emt 0:00:02]} 37. Kd4 {[%emt
0:00:02]} h5 {[%emt 0:00:03]} 38. Kc4 {[%emt 0:00:02]} Kc7 {[%emt 0:00:03]} 39.
Kc5 {[%emt 0:00:01]} Kb7 {[%emt 0:00:03]} 40. Kd6 {[%emt 0:00:01]} Kb6 {[%emt
0:00:03]} 41. Ke7 {[%emt 0:00:01]} Kc5 { [%emt 0:00:01]} 42. Kxf7 {[%emt
0:00:01]} Kb4 {[%emt 0:00:01]} 43. Kxe6 { [%emt 0:00:01]} Kxa4 {[%emt 0:00:01]}
44. Kd6 {[%emt 0:00:00] TimeB} 1-0

[Event "DSJ Weihnachtsturnier U20 2020"]
[Site "https://play.chessbase.com/en/play?room=DSJWeihnachtU20"]
[Date "2020.12.29"]
[Round "4"]
[White "Ortmeier, Leonhard"]
[Black "Schelhorn, Paul"]
[Result "1-0"]
[Termination "normal"]
[Board "14.1"]
[WhiteTitle "FM"]
[WhiteElo "2290"]
[BlackElo "1730"]
[WhiteTeam "Schachklub Münster 32"]
[BlackTeam "Schachfreunde 1974 Heinsberg"]
[PlyCount "77"]
[WhiteFideId "12993662"]
[BlackFideId "12964077"]
[EventRounds "7"]
[EventType "team-swiss"]
[EventDate "2020.12.29"]

1. Nf3 {[%emt 0:00:52]} d5 {[%emt 0:00:08]} 2. g3 {[%emt 0:00:04]} c5 {[%emt
0:00:02]} 3. Bg2 {[%emt 0:00:03]} Nc6 {[%emt 0:00:02]} 4. d4 {[%emt 0:00:01]}
Nf6 {[%emt 0:00:05]} 5. O-O {[%emt 0:00:10]} e6 {[%emt 0:00:30]} 6. c4 {[%emt
0:00:25]} Bd7 {[%emt 0:00:06]} 7. cxd5 {[%emt 0:00:17]} Nxd5 {[%emt 0:00:11]}
8. e4 {[%emt 0:00:20]} Nf6 {[%emt 0:00:53]} 9. d5 {[%emt 0:00:03]} Nd4 {[%emt
0:00:44]} 10. Nxd4 {[%emt 0:00:04]} cxd4 {[%emt 0:00:04]} 11. Qxd4 {[%emt
0:00:01]} Qb6 {[%emt 0:00:17]} 12. Qxb6 {[%emt 0:00:45]} axb6 {[%emt 0:00:02]}
13. Nc3 { [%emt 0:00:02]} Bd6 {[%emt 0:00:13]} 14. Re1 {[%emt 0:00:32]} e5
{[%emt 0:00:50]} 15. Be3 {[%emt 0:00:16]} Bc5 {[%emt 0:00:22]} 16. Rac1 {[%emt
0:00:08]} O-O {[%emt 0:00:18]} 17. a3 {[%emt 0:00:03]} Rfd8 {[%emt 0:00:06]}
18. Nd1 { [%emt 0:01:21]} Rac8 {[%emt 0:00:08]} 19. Bxc5 {[%emt 0:00:27]} bxc5
{[%emt 0:00:08]} 20. Ne3 {[%emt 0:00:06]} Bb5 {[%emt 0:01:04]} 21. f3 {[%emt
0:00:10]} b6 {[%emt 0:00:06]} 22. Rc3 {[%emt 0:00:09]} Ra8 {[%emt 0:00:42]} 23.
Bf1 { [%emt 0:00:12]} Bxf1 {[%emt 0:00:20]} 24. Kxf1 {[%emt 0:00:00]} Ra4
{[%emt 0:00:11]} 25. Nc4 {[%emt 0:00:16]} Nd7 {[%emt 0:00:09]} 26. b3 {[%emt
0:00:08]} Raa8 {[%emt 0:00:05]} 27. a4 {[%emt 0:00:01]} g6 {[%emt 0:00:16]} 28.
f4 { [%emt 0:00:22]} exf4 {[%emt 0:00:04]} 29. gxf4 {[%emt 0:00:00]} f6 {[%emt
0:00:06]} 30. e5 {[%emt 0:00:07]} fxe5 {[%emt 0:00:14]} 31. fxe5 {[%emt
0:00:00]} Rf8+ {[%emt 0:00:01]} 32. Kg2 {[%emt 0:00:04]} b5 {[%emt 0:00:18]}
33. axb5 { [%emt 0:00:21]} Ra2+ {[%emt 0:00:00]} 34. Kg1 {[%emt 0:00:13]} Rff2
{[%emt 0:00:03]} 35. Rg3 {[%emt 0:00:05]} Rf4 {[%emt 0:00:01]} 36. e6 {[%emt
0:00:07]} Nf6 {[%emt 0:00:00]} 37. d6 {[%emt 0:00:07]} Rd4 {[%emt 0:00:11]} 38.
b6 { [%emt 0:00:06]} Ra8 {[%emt 0:00:08]} 39. Rf3 {[%emt 0:00:16] Heinsberg001
gibt auf} 1-0

[Event "DSJ Weihnachtsturnier U20 2020"]
[Site "https://play.chessbase.com/en/play?room=DSJWeihnachtU20"]
[Date "2020.12.29"]
[Round "4"]
[White "Benz, Leon"]
[Black "Kamp, Adrian"]
[Result "0-1"]
[Termination "normal"]
[Board "14.2"]
[WhiteElo "1639"]
[BlackElo "1982"]
[WhiteTeam "Schachfreunde 1974 Heinsberg"]
[BlackTeam "Schachklub Münster 32"]
[PlyCount "72"]
[WhiteFideId "16294602"]
[BlackFideId "16222466"]
[EventRounds "7"]
[EventType "team-swiss"]
[EventDate "2020.12.29"]

1. d4 {[%emt 0:00:05]} Nf6 {[%emt 0:00:04]} 2. Bf4 {[%emt 0:00:02]} g6 { [%emt
0:00:02]} 3. e3 {[%emt 0:00:05]} Bg7 {[%emt 0:00:03]} 4. Nf3 {[%emt 0:00:04]}
O-O {[%emt 0:00:03]} 5. Bd3 {[%emt 0:00:14]} d5 {[%emt 0:00:03]} 6. c3 { [%emt
0:00:01]} c5 {[%emt 0:00:02]} 7. Nbd2 {[%emt 0:00:02]} Nc6 {[%emt 0:00:02]} 8.
O-O {[%emt 0:00:02]} Nd7 {[%emt 0:00:01]} 9. e4 {[%emt 0:00:15]} dxe4 { [%emt
0:00:35]} 10. Bxe4 {[%emt 0:00:22]} cxd4 {[%emt 0:00:16]} 11. Bxc6 { [%emt
0:01:07]} bxc6 {[%emt 0:00:10]} 12. cxd4 {[%emt 0:00:17]} c5 {[%emt 0:01:01]}
13. dxc5 {[%emt 0:00:46]} Nxc5 {[%emt 0:00:18]} 14. Qc2 {[%emt 0:00:16]} Nd3
{[%emt 0:01:08]} 15. Bg3 {[%emt 0:01:34]} Bf5 {[%emt 0:00:32]} 16. Qb3 { [%emt
0:00:52]} Nxb2 {[%emt 0:00:44]} 17. Rab1 {[%emt 0:00:03]} Bxb1 {[%emt 0:00:10]}
18. Rxb1 {[%emt 0:00:10]} Nd3 {[%emt 0:00:26]} 19. h3 {[%emt 0:00:56]} Rc8
{[%emt 0:00:55]} 20. Nc4 {[%emt 0:00:32]} Qd5 {[%emt 0:00:48]} 21. Ncd2 { [%emt
0:01:44]} Qxb3 {[%emt 0:00:09]} 22. Nxb3 {[%emt 0:00:00]} Rc2 {[%emt 0:00:19]}
23. Rd1 {[%emt 0:00:29]} Nc5 {[%emt 0:00:33]} 24. Nbd4 {[%emt 0:00:35]} Bxd4
{[%emt 0:00:24]} 25. Nxd4 {[%emt 0:00:00]} Rd8 {[%emt 0:00:09]} 26. Be5 { [%emt
0:00:15]} Rxa2 {[%emt 0:00:08]} 27. Bc7 {[%emt 0:00:01]} Rd7 {[%emt 0:00:06]}
28. Be5 {[%emt 0:00:01]} f6 {[%emt 0:00:04]} 29. Bf4 {[%emt 0:00:02]} e5 {
[%emt 0:00:02]} 30. Nb3 {[%emt 0:00:04]} Rxd1+ {[%emt 0:00:02]} 31. Kh2 { [%emt
0:00:02]} exf4 {[%emt 0:00:03]} 32. Nxc5 {[%emt 0:00:03]} Rdd2 {[%emt 0:00:01]}
33. Ne6 {[%emt 0:00:01]} Rxf2 {[%emt 0:00:01]} 34. Nc7 {[%emt 0:00:03]} Rxg2+
{[%emt 0:00:02]} 35. Kh1 {[%emt 0:00:03]} Rgc2 {[%emt 0:00:01]} 36. Ne6 { [%emt
0:00:01]} Ra1# {[%emt 0:00:01]} 0-1